The indian theogony : (Record no. 125179)

MARC details
000 -LEADER
fixed length control field 00788nam a22002417a 4500
005 - DATE AND TIME OF LATEST TRANSACTION
control field 20170124105950.0
010 ## - LIBRARY OF CONGRESS CONTROL NUMBER
LC control number 892590
020 ## - INTERNATIONAL STANDARD BOOK NUMBER
Terms of availability 00.00
035 ## - SYSTEM CONTROL NUMBER
System control number 892590
037 ## - SOURCE OF ACQUISITION
Source of stock number/acquisition Cen Lib/Ret
040 ## - CATALOGING SOURCE
Original cataloging agency DPL
Language of cataloging EN
082 ## - DEWEY DECIMAL CLASSIFICATION NUMBER
Classification number 230.1
Item number BHA
100 ## - MAIN ENTRY--PERSONAL NAME
Personal name Battahcharji, Sukhmari
9 (RLIN) 13290
245 ## - TITLE STATEMENT
Title The indian theogony :
Statement of responsibility, etc by Sukumari Bhattacharji
Remainder of title a comparative study of indian mythology from the vedas to the puranas /
246 ## - VARYING FORM OF TITLE
Remainder of title
260 ## - PUBLICATION, DISTRIBUTION, ETC. (IMPRINT)
Name of publisher, distributor, etc Firma KLM Private Ltd.
Date of publication, distribution, etc 1978
Place of publication, distribution, etc Calcutta
270 ## - ADDRESS
City Calcutta
Address 257 B, B.B. Ganguly Street
Postal code 700012
300 ## - PHYSICAL DESCRIPTION
Extent xiii,395p.
Dimensions 20cm(Hb)
500 ## - GENERAL NOTE
General note Includes Bibliographical references and index.
650 ## - SUBJECT ADDED ENTRY--TOPICAL TERM
Topical term or geographic name as entry element Hindu gods.
9 (RLIN) 10248
650 ## - SUBJECT ADDED ENTRY--TOPICAL TERM
Topical term or geographic name as entry element Hindu mythology.
9 (RLIN) 79982
942 ## - ADDED ENTRY ELEMENTS (KOHA)
Source of classification or shelving scheme Dewey Decimal Classification
Koha item type English Books
Classification part 230.1
Call number suffix BHA
Holdings
Withdrawn status Lost status Damaged status Not for loan Home library Current library Date acquired Source of acquisition Cost, normal purchase price Total Checkouts Full call number Barcode Date last seen Copy number Cost, replacement price Price effective from Koha item type
        Central Library Central Library 20/06/2015 Cen Lib/Ret 0.00   230.1 BHA 892590 20/06/2015 1 0.00 20/06/2015 English Books

© Delhi Public Library
Hit Counter
free hit counter